European Countries Mix-Up Quiz Stats

 Plays Quiz Updated Dec 23, 2017

Also try: European Mix-Up
Challenge
Share
Tweet
Score 0/23 Timer 04:00
1 Play Today
% Correct
United Donia
94.8%
Noland
93.2%
Graine
92.7%
Turkerland
91.7%
Netherdorra
91.6%
Finaly
91.2%
Russ City
90.9%
Sanbourg
90.7%
Denbia
90.6%
Ireany
90.5%
Bosniaia
89.5%
Moldland
89.2%
% Correct
Franco
88.4%
Bulgarus
88.4%
Austvia
88.3%
Spaden
87.8%
Liechta
87.6%
Slovenegro
86.9%
Albatia
85.7%
Lithuary
85.2%
Belovo
84.7%
Slovaprus
83.5%
Czeia
75.5%

You're not logged in!

Compare scores with friends on all Sporcle quizzes.
Join for Free
OR
Log In

You Might Also Like...

Show Comments

Extras

Top Quizzes Today


Score Distribution

Your Account Isn't Verified!

In order to create a playlist on Sporcle, you need to verify the email address you used during registration. Go to your Sporcle Settings to finish the process.

Report this User

Report this user for behavior that violates our Community Guidelines.

Details: